1807 1564 1896 1409 1231 1429 1459 1445 1983 1904 1968 1250 1216 1106 1348 1309 1550 1485 1924 1048 1004 1301 1020 1697 1193 1883 1717 1294 1579 1563 1854 1083 1745 1850 1461 1825 1374 1930 1871 1398 1227 1224 1414 1879 1920 1921 1313 1177 1571 1727 1924 1498 1676 1692 1054 1611 1371 1227 1354 1779 1547 1046 1703 1919 1249 1306 1196 1470 1231 1420 1252 1569 1866 1409 1902 1493 1887 1310 1762 1864 1874 1183 1975 1944 1816 1492 1393 1691 1857 1479 1287 1207 1510 1764 1746 1282 1798 1690 1119 BCNSPRNW ULIB Ver.6.0+V

เปลี่ยนเป็นภาษาไทย

Change to English
 แสดงรายละเอียดบรรณานุกรม
  กลับหน้าหลัก

Brief Record : Get Marc (ISO 2709) : E-mail record : QR code < ปิดหน้าต่าง
LEADER : 00000nam 2200000uu 4500
001    13399124791
003     ULIB
008    160324s2014||||th 000 0 eng d
020    ^a9780323100861 (alk. paper)
020    ^a0323100864 (alk. paper)
060 04 ^aWY20.5^bN974
130 0  ^aNursing research (LoBiondo-Wood)
245 10 ^aNursing research :^bmethods and critical appraisal for evidence-based practice /^c[edited by] Geri LoBiondo-Wood,Judith Haber.
250    ^a8th edition.
260    ^aSt. Louis, Missouri :^bElsevier,^c[2014]
300    ^axvii, 598 pages :^bcolor illustrations ;^c24 cm.
504    ^aIncludes bibliographical references and index.
505 0  ^aIntegrating research, evidence-based practice, and quality improvement processes -- Research questions, hypotheses, and clinical questions -- Gathering and appraising the literature -- Theoretical frameworks for research -- Introduction to qualitative research -- Qualitative approaches to research -- Appraising qualitative research -- Introduction to quantitative research -- Experimental and quasi-experimental designs -- Nonexperimental designs -- Systematic reviews and clinical practice guidelines -- Sampling -- Legal and ethical issues -- Data collection methods -- Reliabiltiy and validity -- Data analysis: descriptive and inferential statistics -- Understanding research findings -- Appraising quantitative research -- Strategies and tools for developing an evidence-based practice -- Developing an evidence-based practice -- Quality improvement -- Appendix A: A randomized, clinical trial of education or motivational-interviewing-based coaching compared to usual care to improve cancer pain management -- Appendix B: The influence of maternal-fetal attachment and health practices on neonatal outcomes in low-income, urban women -- Appendix C: The experiences of nurse practitioners providing health care to the homeless -- Appendix D: Couple functioning and post-traumatic stress symptoms in US army couples: the role of resilience -- Appendix E: Follow-up for improving psychological well being for women after a miscarriage (review)
650  0 ^aNursing^xResearch.
650 12 ^aNursing Research^xmethods.
650 22 ^aEvidence-Based Nursing^xmethods.
650 22 ^aResearch Design.
700 1  ^aLoBiondo-Wood, Geri,^eeditor of compilation.
700 1  ^aHaber, Judith,^eeditor of compilation.
945    ^p3340^l0^i000340
999    ^aเกษร โพธิ์สุวรรณ
รายการนี้ยังไม่มีแท็ก
คุณยังไม่ได้ล็อกอิน คุณสามารถมีกิจกรรมร่วมกับเว็บไซต์ได้ แต่ต้องล็อกอินก่อน ::
  ล็อกอิน

รายการสื่อสารสนเทศ

ลำดับที่ ประเภท เลขเรียก/บาร์โค้ด สถานที่ สถานะ
1. Book การพยาบาล
Book การพยาบาล
WY20.5 N974 ฉ.1 
  Barcode: 000340
ห้องสมุดวิทยาเขตสวรรค์ประชารักษ์
►หนังสือทั่วไป
บนชั้น

รายการใกล้เคียง
    หัวเรื่อง [Nursing Research.]
    หัวเรื่อง [Research Design.]

BibComment


ยังไม่เคยถูกคอมเมนท์

คอมเมนท์ทรัพยากรรายการนี้
  คอมเมนท์: Nursing research..


 Copyright 2026. Bcnsprnw @Library